000 00729nam a2200289Ia 4500
005 20260324111400.0
008 008 260324s9999 xx 000 0 eng d
020 _a9781032645681
037 _aEBOOK
040 _aCRL
040 _beng
040 _cCRL
041 _2eng
041 _aeng
084 _qCRL
100 _aDesiree Hernandez Ibinarriaga
_91138329
245 0 _aDecolonising and Indigenising Design
245 0 _bTheory, Methodologies, Storytelling, and Creative Practice
260 _bTaylor and Francis
260 _c2025
365 _a
365 _b230
856 _uhttp://www.taylorfrancis.com/books/9781032645681
942 _cEBOOK
999 _c1727135
_d1727135